000 01278cam a2200289 a 4500
003 EG-GiCUC
005 20250223032418.0
008 191016s1997 ua dh f m 000 0 eng d
040 _aEG-GiCUC
_beng
_cEG-GiCUC
041 0 _aeng
049 _aDeposite
097 _aPh.D
099 _aCai01.11.12.Ph.D.1997.Hu.F
100 0 _aHussam Aldin Mahmoud Albosraty
245 1 0 _aFunctional reconstruction of oral and oropharyngeal defects following ablative cancer surgery /
_cHussam Aldin Mahmoud Albosraty ; Supervised Ahmed Mostafa Bassiouny , Mahmoud Mostafa Bassiouny , Hamza Abouloyoun
246 1 5 _aاعادة البناء الوظيفي لنواقص الفم والبلعوم الفمي بعد الاستئصال الجذري للأورام السرطانية
260 _aCairo :
_bHussam Aldin Mahmoud Albosraty ,
_c1997
300 _a119 P. :
_bcharts , facsimiles ;
_c25cm
502 _aThesis (Ph.D.) - Cairo University - Faculty of Medicine - Department of E.N.T
700 0 _aAhmed Mostafa Bassiouny ,
_eSupervisor
700 0 _aHamza Abouloyoun ,
_eSupervisor
700 0 _aMahmoud Mostafa Bassiouny ,
_eSupervisor
856 _uhttp://172.23.153.220/th.pdf
905 _aNazla
_eRevisor
905 _aShimaa
_eCataloger
942 _2ddc
_cTH
999 _c74558
_d74558